00781nam a22001937a 450000500170000000800410001702000180005804000480007604100130012410000320013724501000016926000570026930000180032650000810034450400410042565000310046665000510049770000390054820240924085228.0220505s2016 cl |||gr|||| 00| 0 spa d a9789568415952 aCO-BoUCMbspacDeissy GarciadDeissy Garcia1 aspahger aBenjamin, Walterd1892-194013aEl narradorcWalter Benjamin ; introducción, traductor, notas e índices de Pablo Oyarzun R. a[Santiago de Chile]bEdiciones metales pesadosc2016 a130 páginas aBibliografía Básica - Escuela de Ciencias Humanas - Pregrado en Historia aIncluye referencias bibliográficas 7aEnsayos alemanesySiglo XX 7aFilosofía alemanaxCritica e interpretacion 1 aOyarzún Robles, Pabloetraductor